[Event "Frauenbundesliga 1st Div 2010-11"]
[Site "Germany GER"]
[Date "2010.12.04"]
[Round "3.1"]
[White "Majdan,J"]
[Black "Ohme,M"]
[Result "1/2-1/2"]
[WhiteElo "2359"]
[BlackElo "2304"]

1.e4 c5 2.Nf3 d6 3.d4 cxd4 4.Nxd4 Nf6 5.Nc3 Nc6 6.Bg5 e6 7.Qd3 Be7 8.O-O-O O-O
9.f4 Qb6 10.Nxc6 bxc6 11.e5 dxe5 12.fxe5 Nd5 13.Bxe7 Nxe7 14.Qe4 Rb8 15.b3 Qa5
16.Kb2 Ng6 17.Re1 Rb4 18.Qe3 Rd8 19.Bd3 Qb6 20.Qxb6 axb6 21.Bxg6 hxg6 22.Rd1 Rbd4
23.Rxd4 Rxd4 24.Rd1 Rxd1 25.Nxd1 f6 26.Ne3 Ba6 27.c4 c5 28.Kc3 Kf7 29.Kd3 Bb7
30.a3 f5 31.g3 g5 32.Nd1 Be4+ 33.Kd2 g4 34.Nc3 Bc6 35.Ke3 g5 36.Nb5 Bxb5
37.cxb5 Ke7 38.a4 Kd7 39.Kd3 Kc7 40.Ke3 Kb7 41.Kd3 Kc7 42.Ke3 Kb7  1/2-1/2

[Event "Frauenbundesliga 1st Div 2010-11"]
[Site "Germany GER"]
[Date "2010.12.05"]
[Round "4.2"]
[White "Chlost,M"]
[Black "Fuchs,Ju"]
[Result "1/2-1/2"]
[WhiteElo "2152"]
[BlackElo "2274"]

1.e4 c5 2.Nf3 d6 3.d4 cxd4 4.Nxd4 Nf6 5.Nc3 Nc6 6.Bg5 Qb6 7.Nb3 e6 8.Be3 Qc7
9.g4 a6 10.g5 Nd7 11.Qe2 Be7 12.O-O-O b5 13.f4 Bb7 14.Bg2 Na5 15.Bd4 b4 16.Nb1 O-O
17.Rd3 Rfc8 18.Nxa5 Qxa5 19.a3 e5 20.axb4 Qxb4 21.Bc3 Qb6 22.Qh5 Qf2 23.Rh3 Nf8
24.Bf3 exf4 25.Nd2 Rc7 26.Be2 Qg2 27.Rf1 Bc8 28.Rg3 Qxf1+ 29.Nxf1 fxg3 30.Nxg3 Rc5
31.h4 Ng6 32.Bd4 Ne5 33.Bxe5 dxe5 34.Qf3 Be6 35.Nf5 Bf8 36.h5 Rac8 37.Bd3 Bb3
38.Ne3 a5 39.Kd1 Be6 40.b3 Rd8 41.Ke2 Be7 42.Qg3  1/2-1/2

[Event "TCh-NED"]
[Site "Netherlands NED"]
[Date "2010.12.11"]
[Round "4.5"]
[White "Pruijssers,R"]
[Black "Riemens,A"]
[Result "1-0"]
[WhiteElo "2483"]
[BlackElo "2158"]

1.e4 c5 2.Nf3 d6 3.d4 cxd4 4.Nxd4 Nf6 5.Nc3 Nc6 6.Bg5 g6 7.Bxf6 exf6 8.Qd2 Bg7
9.O-O-O O-O 10.Bc4 f5 11.Ndb5 fxe4 12.Nxe4 Qb6 13.Nexd6 a6 14.Nc3 Nd4 15.Qf4 Be6
16.Bb3 Rad8 17.Nde4 a5 18.Bxe6 fxe6 19.Qe3 Qc6 20.a4 Be5 21.g3 Rf3 22.Qxf3 Nxf3
23.Rxd8+ Kg7 24.Rhd1 Bxc3 25.Nxc3 Ne5 26.R8d6 Qc4 27.f4 Nf7 28.Rd7 Qc6 29.Kb1 Kf8
30.Nb5 Ke8 31.Rc7 Qg2 32.Rdd7  1-0

[Event "48th ch-IND"]
[Site "New Delhi IND"]
[Date "2010.12.11"]
[Round "3"]
[White "Sharma,Di"]
[Black "Shashikant,K"]
[Result "1/2-1/2"]
[WhiteElo "2371"]
[BlackElo "2303"]

1.e4 c5 2.Nf3 d6 3.d4 cxd4 4.Nxd4 Nf6 5.Nc3 Nc6 6.Bg5 e6 7.Qd2 a6 8.O-O-O Bd7
9.f3 Be7 10.h4 b5 11.Nxc6 Bxc6 12.Ne2 Rc8 13.Nd4 Bb7 14.Bd3 O-O 15.g4 Nd7
16.Bxe7 Qxe7 17.Qe3 Ne5 18.g5 d5 19.exd5 Nxd3+ 20.Rxd3 Bxd5 21.Nxb5 Bxf3
22.Qxf3 axb5 23.Rhd1 Qc5 24.Rc3 Qe5 25.Rxc8 Rxc8 26.a3 Rf8 27.c3 f6 28.gxf6 Qxf6
29.Qxf6 gxf6 30.Rd6 Kf7 31.Kd2 h5 32.Ke3 Rc8 33.Rd4 f5 34.a4 bxa4 35.Rxa4 e5
36.c4 Rg8 37.Ra7+ Ke6 38.Ra6+ Kf7 39.Ra7+  1/2-1/2

[Event "48th ch-IND"]
[Site "New Delhi IND"]
[Date "2010.12.12"]
[Round "4"]
[White "Debashis,D"]
[Black "Ramakrishna,J"]
[Result "1-0"]
[WhiteElo "2411"]
[BlackElo "2253"]

1.e4 c5 2.Nf3 d6 3.d4 cxd4 4.Nxd4 Nf6 5.Nc3 Nc6 6.Bg5 e6 7.Qd2 a6 8.O-O-O h6
9.Nxc6 bxc6 10.Bf4 d5 11.Qe3 Be7 12.Be2 O-O 13.Qg3 Kh8 14.Bc7 Qd7 15.Be5 a5
16.exd5 cxd5 17.Rd4 Ba6 18.Bf3 Rac8 19.Rhd1 Rc4 20.Rxc4 Bxc4 21.Qh3 Qa7 22.Bd4 Qc7
23.Re1 Ng8 24.Qg3 Qxg3 25.hxg3 Bf6 26.Bxf6 Nxf6 27.b3 Ba6 28.Kb2 Rc8 29.Be2 Bxe2
30.Rxe2 Kg8 31.Nb5 Kf8 32.c3 Ke7 33.a4 Kd7 34.b4 Ne4 35.Kb3 Ra8 36.c4 dxc4+
37.Kxc4 f5 38.f3 Nf6 39.bxa5 Rxa5 40.Kb4 Ra8 41.Ra2 Nd5+ 42.Kc4 Rc8+ 43.Kb3 Rc5
44.Rc2 Rxc2 45.Kxc2 e5 46.Kd3 Kc6 47.Nc3 Nb4+ 48.Ke3 Nc2+ 49.Kd2 Nb4 50.Nb5 Nd5
51.Nc3 Nb4 52.Nd1 Kc5 53.Ne3 g6 54.g4 f4 55.Nc2 Nd5 56.a5 Kb5 57.Kd3 Nf6
58.Na3+ Kxa5 59.Nc4+ Kb4 60.Nxe5 g5 61.Kd4 Ng8 62.Kd5 Kc3 63.Ke6 Kd4 64.Kf7 Ne7
65.Kxe7 Kxe5 66.Kf7 Kd4 67.Kg6 Ke3 68.Kxh6 Kf2 69.Kxg5 Kxg2 70.Kxf4  1-0

[Event "48th ch-IND"]
[Site "New Delhi IND"]
[Date "2010.12.12"]
[Round "4"]
[White "Shyam,N"]
[Black "Deepan,C"]
[Result "1/2-1/2"]
[WhiteElo "2373"]
[BlackElo "2480"]

1.e4 c5 2.Nf3 d6 3.d4 cxd4 4.Nxd4 Nf6 5.Nc3 Nc6 6.Bg5 e6 7.Qd2 a6 8.O-O-O Bd7
9.f4 b5 10.Bxf6 gxf6 11.Kb1 Qb6 12.Nxc6 Bxc6 13.Qe1 Be7 14.Bd3 Qc5 15.f5 b4
16.Ne2 a5 17.Nf4 e5 18.Nd5 Bxd5 19.exd5 a4 20.Qe2 Ra5 21.Rhf1 a3 22.Bc4 Kd7
23.b3 Bd8 24.Rf3 Bb6 25.Rg3 Ke7 26.Rg4 h5 27.Rh4 Qf2 28.Qxf2 Bxf2 29.g3 Bd4
30.Rf1 Raa8 31.Be2 Rag8 32.Kc1 Rg5 33.Kd2 Rc8 34.Bc4 Bc3+ 35.Ke3 Bd4+ 36.Kd2 Bc3+
37.Ke3 Rh8 38.Be2 Rc8 39.Bc4 Bd4+ 40.Kd2 Bc3+  1/2-1/2

[Event "17th Open A"]
[Site "Zadar CRO"]
[Date "2010.12.13"]
[Round "2"]
[White "Sedlak,N"]
[Black "Biliskov,V"]
[Result "1-0"]
[WhiteElo "2546"]
[BlackElo "2319"]

1.e4 c5 2.Nf3 d6 3.d4 cxd4 4.Nxd4 Nf6 5.Nc3 Nc6 6.Bg5 Qb6 7.Nb3 e6 8.Bf4 Ne5
9.Be3 Qc7 10.f4 Nc6 11.g4 a6 12.g5 Nd7 13.Bg2 b5 14.Qe2 Be7 15.O-O-O Nb6
16.Nd5 exd5 17.exd5 Nb4 18.Bxb6 Qxb6 19.a3 Nxc2 20.Kxc2 Bf5+ 21.Be4 Bxe4+
22.Qxe4 Qc7+ 23.Kb1 O-O 24.Rhe1 Bd8 25.Nd4 Qd7 26.Qf5 Ra7 27.h4 Bb6 28.Qxd7 Rxd7
29.Nc6 f6 30.Re6 Bf2 31.h5 Bg3 32.g6 hxg6 33.hxg6 Bxf4 34.Ne7+ Rxe7 35.Rxe7 f5
36.Rh1 Be5 37.Rf7  1-0

[Event "17th Open A"]
[Site "Zadar CRO"]
[Date "2010.12.13"]
[Round "3.2"]
[White "Saric,Iv"]
[Black "Kozul,Z"]
[Result "1-0"]
[WhiteElo "2574"]
[BlackElo "2595"]

1.e4 c5 2.Nf3 d6 3.d4 cxd4 4.Nxd4 Nf6 5.Nc3 Nc6 6.Bg5 e6 7.Qd2 a6 8.O-O-O Bd7
9.f4 b5 10.Bxf6 gxf6 11.Kb1 h5 12.f5 Ne5 13.fxe6 fxe6 14.g3 Bh6 15.Qe1 Ng4
16.Be2 b4 17.Bxg4 hxg4 18.Nce2 Qb6 19.Nf4 Bxf4 20.gxf4 O-O-O 21.Qe2 e5 22.Nf5 Bxf5
23.exf5 Qb5 24.Qxg4 e4 25.Qg7 Qxf5 26.Qa7 Qc5 27.Qa8+ Kc7 28.Qxe4 Rde8 29.Qd3 a5
30.b3 Re3 31.Qg6 Re2 32.Rc1 Kb6 33.Qxf6 Rhxh2 34.Rxh2 Rxh2 35.Qf8 Rf2 36.Qb8+ Ka6
37.Qa8+ Kb6 38.Qe4 Qc6 39.Qd3 Qc5 40.Rf1 Rxf1+ 41.Qxf1 Qf5 42.Qf2+ Kc6 43.Qd4 Kd7
44.Kb2 Ke6 45.Qc4+ Kd7 46.a4 d5 47.Qb5+ Kd6 48.Qb6+ Kd7 49.Qxa5 Qf6+ 50.Kb1 Qd4
51.Qb5+ Ke6 52.Qe8+  1-0

[Event "Stanitsa Winter 2010"]
[Site "Stanitsa-Luganskaya UKR"]
[Date "2010.12.17"]
[Round "4"]
[White "Semeniuk,Vladimir"]
[Black "Blednov,S"]
[Result "0-1"]
[WhiteElo "2259"]
[BlackElo "2360"]

1.e4 c5 2.Nf3 d6 3.d4 cxd4 4.Nxd4 Nf6 5.Nc3 Nc6 6.Bg5 Qa5 7.Bxf6 gxf6 8.Nb3 Qg5
9.Nd5 Rb8 10.Nc7+ Kd8 11.Nd5 f5 12.f4 Qg6 13.e5 e6 14.Ne3 Kc7 15.Qd2 dxe5
16.fxe5 Be7 17.O-O-O Rd8 18.Qc3 Bb4 19.Qc4 Qg5 20.Rd3 b5  0-1

[Event "29th European Blitz"]
[Site "Warsaw POL"]
[Date "2010.12.17"]
[Round "3"]
[White "Inarkiev,E"]
[Black "Ivanov,Al3"]
[Result "1-0"]
[WhiteElo "2667"]
[BlackElo "2424"]

1.e4 c5 2.Nf3 d6 3.d4 cxd4 4.Nxd4 Nf6 5.Nc3 Nc6 6.Bg5 e6 7.Qd2 a6 8.O-O-O Be7
9.f3 Qc7 10.Kb1 Bd7 11.Be3 Rc8 12.g4 h6 13.h4 Nxd4 14.Bxd4 b5 15.Bd3 e5 16.Be3 Be6
17.g5 hxg5 18.hxg5 Nh5 19.g6 fxg6 20.Nd5 Qb7 21.f4 exf4 22.Nxf4 Bf7 23.Qg2 g5
24.Nd5  1-0

[Event "29th European Blitz"]
[Site "Warsaw POL"]
[Date "2010.12.17"]
[Round "5"]
[White "Inarkiev,E"]
[Black "Vovk,A"]
[Result "1-0"]
[WhiteElo "2667"]
[BlackElo "2546"]

1.e4 c5 2.Nf3 d6 3.Nc3 Nc6 4.d4 cxd4 5.Nxd4 Nf6 6.Bg5 e6 7.Qd2 a6 8.O-O-O Bd7
9.f3 Rc8 10.Kb1 Be7 11.h4 h6 12.Be3 h5 13.Nxc6 Rxc6 14.Ne2 O-O 15.Nd4 Rc8
16.Bd3 e5 17.Nf5 Bxf5 18.exf5 d5 19.Bg5 Qb6 20.Ka1 d4 21.g4 Bb4 22.Qc1 Nd5
23.Be4 Nc3 24.Rd3 Qa5 25.bxc3 Rxc3 26.Bd2 Rfc8 27.Bxc3 Rxc3 28.Rhd1 Ra3 29.Qb2 Bc3
30.Rxc3 dxc3 31.Qb1 b5 32.Bd5 hxg4 33.fxg4 Ra4 34.Rg1 Rd4 35.Bb3 Qb6 36.Qe1 b4
37.g5 e4 38.g6 Kf8 39.gxf7 e3 40.Qg3 Qf6  1-0

[Event "European Rapid Championship"]
[Site "Warsaw POL"]
[Date "2010.12.18"]
[Round "3"]
[White "Edouard,R"]
[Black "Wieczorek,O"]
[Result "1-0"]
[WhiteElo "2636"]
[BlackElo "2330"]

1.e4 c5 2.Nf3 d6 3.d4 cxd4 4.Nxd4 Nf6 5.Nc3 Nc6 6.Bg5 e6 7.Qd2 a6 8.O-O-O h6
9.Be3 Be7 10.f3 Nxd4 11.Bxd4 b5 12.Kb1 Rb8 13.g4 b4 14.Ne2 e5 15.Ba7 Rb7
16.Be3 Be6 17.Nc1 Qa5 18.Nb3 Qa4 19.Bd3 d5 20.g5 hxg5 21.Bxg5 d4 22.f4 exf4
23.Qxf4 Rh3 24.Rhg1 Bd8 25.Bxf6 Bxf6 26.e5 Be7 27.Rxg7 Rh4 28.Rg8+ Kd7 29.Qxh4 Qxb3
30.Qxe7+  1-0

[Event "Azerbaijanian Solidarity Day"]
[Site "Baku AZE"]
[Date "2010.12.24"]
[Round "3.1"]
[White "Bajarani,U"]
[Black "Benidze,D"]
[Result "1/2-1/2"]
[WhiteElo "2413"]
[BlackElo "2524"]

1.e4 c5 2.Nf3 d6 3.d4 cxd4 4.Nxd4 Nf6 5.Nc3 Nc6 6.Bg5 e6 7.Qd2 a6 8.O-O-O Bd7
9.f4 h6 10.Bh4 g5 11.fxg5 Ng4 12.Nxc6 Bxc6 13.Be2 Ne5 14.g3 Ng6 15.Kb1 Be7
16.gxh6 Nxh4 17.gxh4 Bf8 18.h5 Qf6 19.Rhf1 Qe5 20.h4 Bxh6 21.Qxd6 Qxd6 22.Rxd6 Ke7
23.Rd3 Bg7 24.Bf3 Be5 25.Rdd1 Rag8 26.Ne2 Rd8 27.Nc1 Rxd1 28.Rxd1 f5 29.Re1 Bg3
30.Re3 Bf2 31.Re2 Bxh4 32.Nd3 Rg8 33.a3 Rg1+ 34.Ka2 Rg3 35.Bg2 Bf6 36.h6 Rg4
37.Nc5 Bb5 38.Nd3 Bc6 39.h7 fxe4 40.Nc5 Bb5 41.Rxe4 Bc4+ 42.b3 Rxg2 43.bxc4 Rxc2+
44.Kb1 Rb2+ 45.Kc1 Rb6 46.Rg4 Rc6 47.Nxb7 Rc7 48.Rh4 Rc8 49.Rg4 Rc7 50.Na5 Rc5
51.Nb7 Rc7 52.Rf4 Bg7 53.Rh4 Bh8 54.Na5 Kf6 55.Nb3 Kg5 56.Re4 Kf5 57.Rh4 Kg5
58.Re4  1/2-1/2

[Event "WSB Masters GM"]
[Site "Wroclaw POL"]
[Date "2010.12.27"]
[Round "1"]
[White "Sadzikowski,D"]
[Black "Baryshpolets,A"]
[Result "1/2-1/2"]
[WhiteElo "2371"]
[BlackElo "2474"]

1.e4 c5 2.Nf3 d6 3.d4 cxd4 4.Nxd4 Nf6 5.Nc3 Nc6 6.Bg5 e6 7.Qd2 a6 8.O-O-O h6
9.Bf4 Bd7 10.Nxc6 Bxc6 11.f3 d5 12.Qe1 Bb4 13.a3 Ba5 14.exd5 Nxd5 15.b4 Nxf4
16.Rxd8+ Bxd8 17.h4 O-O 18.Qe3 Nd5 19.Nxd5 Bxd5 20.g4 Rc8 21.g5 h5 22.Bd3 Rc6
23.Rd1 Bb6 24.Qe2 Rc3 25.Kb2 Bd4 26.Bh7+ Kxh7 27.Rxd4 Rfc8 28.f4 Rxc2+ 29.Qxc2+ Rxc2+
30.Kxc2 Kg6 31.Kd3 Kf5 32.Ke3 Kg4 33.f5+ Kxf5 34.Rf4+ Kg6 35.Kd4 f6 36.gxf6 gxf6
37.Rf1 Bc6 38.Rg1+ Kf5 39.Rf1+ Kg6 40.Rg1+ Kf7 41.Kc5 e5 42.Kd6 Ba4 43.Rg3 Bd1
44.Rg1 Bc2 45.Rg2 Be4 46.Rg3 b5 47.Rg1 Bd3 48.Rg2 Bc4 49.Rg1 Be2 50.Rg3 Bg4
51.Kd5 Ke7 52.Rc3 Kd7 53.Rg3 Ke7 54.Rc3 Kd7 55.Ke4  1/2-1/2

[Event "WSB Masters GM"]
[Site "Wroclaw POL"]
[Date "2010.12.27"]
[Round "1"]
[White "Simacek,P"]
[Black "Wieczorek,O"]
[Result "0-1"]
[WhiteElo "2469"]
[BlackElo "2330"]

1.e4 c5 2.Nf3 d6 3.d4 cxd4 4.Nxd4 Nf6 5.Nc3 Nc6 6.Bg5 e6 7.Qd2 a6 8.O-O-O h6
9.Be3 Be7 10.f4 Nxd4 11.Bxd4 b5 12.Kb1 b4 13.Na4 Nxe4 14.Qe3 Nf6 15.Nb6 Rb8
16.Nxc8 Qxc8 17.Bxf6 gxf6 18.f5 e5 19.Qe4 a5 20.Rd5 Qc7 21.Bd3 Kf8 22.Re1 Bd8
23.Qf3 Qe7 24.Re4 Bb6 25.Rh4 Qc7 26.Be4 a4 27.Qd3 Bc5 28.Qd2 b3 29.Rxh6 bxa2+
30.Kxa2 Rxh6 31.Qxh6+ Ke7 32.Rd3 Bd4 33.Rxd4 Qb6 34.Qc1 Qxd4 35.Bf3 e4 36.Be2 Qd5+
37.c4 Qxf5 38.Qe3 Rb4 39.Bd3 Qe5 40.Qxe4 Rxb2+ 41.Ka3 Rb6 42.Kxa4 Kf8 43.Qxe5 fxe5
44.h4 Kg7 45.g4 Rb2 46.Bf5 f6 47.Ka3 Rh2 48.h5 Kh6 49.Kb4 Kg5 50.Kb5 Kf4
51.Kc6 e4 52.Bxe4 Kxe4 53.Kxd6 Kf4 54.Ke6 Kxg4 55.Kxf6 Rxh5 56.Ke6 Rc5  0-1

[Event "WSB Masters GM"]
[Site "Wroclaw POL"]
[Date "2010.12.28"]
[Round "3"]
[White "Talla,V"]
[Black "Wieczorek,O"]
[Result "1-0"]
[WhiteElo "2452"]
[BlackElo "2330"]

1.e4 c5 2.Nf3 d6 3.d4 cxd4 4.Nxd4 Nf6 5.Nc3 Nc6 6.Bg5 e6 7.Qd2 a6 8.O-O-O h6
9.Nxc6 bxc6 10.Bf4 d5 11.Qe3 Qa5 12.Be2 Bb4 13.Be5 Be7 14.exd5 cxd5 15.g4 Bb7
16.Rhe1 Qc5 17.Bd4 Qc7 18.h4 Bd6 19.Kb1 Rc8 20.Bd3 Bf4 21.Qf3 Ne4 22.Nxe4 dxe4
23.Bxe4 Bxe4 24.Qxe4 O-O 25.b3 Rfd8 26.Bb2 Bd2 27.Rg1 Qc5 28.c4 Qxf2 29.Qe5 f6
30.Qxe6+ Kh7 31.Qe4+ Kh8 32.Rg2 Qe3 33.Qxe3 Bxe3 34.Rxd8+ Rxd8 35.Kc2 h5
36.gxh5 f5 37.Bc1 Bd4 38.Rd2 f4 39.Rd3  1-0

[Event "WSB Masters GM"]
[Site "Wroclaw POL"]
[Date "2010.12.28"]
[Round "3"]
[White "Kravtsiv,M"]
[Black "Baryshpolets,A"]
[Result "1/2-1/2"]
[WhiteElo "2566"]
[BlackElo "2474"]

1.e4 c5 2.Nf3 d6 3.d4 cxd4 4.Nxd4 Nf6 5.Nc3 Nc6 6.Bg5 e6 7.Qd2 a6 8.O-O-O Nxd4
9.Qxd4 Be7 10.f4 b5 11.Be2 Bb7 12.Bf3 Rc8 13.Bxf6 Bxf6 14.Qxd6 Qxd6 15.Rxd6 Bxc3
16.bxc3 Rxc3 17.Rhd1 O-O 18.Rd7 Ba8 19.R1d4 a5 20.Be2 Rc5 21.Re7 Rfc8 22.Bd3 Bc6
23.Rc7 Be8 24.Rxc5 Rxc5 25.Rd8 Kf8 26.Ra8 b4 27.e5 h6 28.h4 Ke7 29.h5 f6  1/2-1/2

[Event "34th Christmas Master Open"]
[Site "Zuerich SUI"]
[Date "2010.12.28"]
[Round "4"]
[White "Studer,N"]
[Black "Eidinger,H"]
[Result "1-0"]
[WhiteElo "2052"]
[BlackElo "2097"]

1.e4 c5 2.Nf3 Nc6 3.d4 cxd4 4.Nxd4 Nf6 5.Nc3 d6 6.Bg5 e6 7.Qd2 Nxd4 8.Qxd4 Be7
9.O-O-O O-O 10.f3 Qa5 11.Bd2 e5 12.Qd3 Qc5 13.Be3 Qa5 14.Bd2 Qc5 15.Be3 Qa5
16.Qb5 Qc7 17.Bg5 Be6 18.Bxf6 Bxf6 19.Nd5 Bxd5 20.Qxd5 Rac8 21.c4 Rfd8 22.Kb1 a6
23.Be2 Bg5 24.g3 Be3 25.f4 Bd4 26.Rxd4 exd4 27.Qxd4 Qc5 28.Rd1 Qxd4 29.Rxd4 Kf8
30.b3 f6 31.Bg4 Rb8 32.Be6 Ke7 33.Bd5 b6 34.Rd2 h5 35.Kc2 Rh8 36.Kd3 Rbf8
37.Re2 Kd7 38.Bb7 a5 39.Bd5 Re8 40.a3 g5 41.h3 gxf4 42.gxf4 Re7 43.Rg2 Rhh7
44.Rg8 f5 45.exf5 Rhg7 46.Be6+ Kc7 47.f6 Rxg8 48.Bxg8 Re8 49.f7 Rf8 50.Ke4 Kd7
51.Kf5 Ke7 52.Kg6 a4 53.bxa4  1-0

[Event "23rd Staufer-Open"]
[Site "Leinzell GER"]
[Date "2011.01.02"]
[Round "3"]
[White "Naumann,Ax"]
[Black "Rau,H"]
[Result "0-1"]
[WhiteElo "2169"]
[BlackElo "2449"]

1.e4 c5 2.Nf3 Nc6 3.d4 cxd4 4.Nxd4 Nf6 5.Nc3 d6 6.Bg5 e6 7.Qd2 a6 8.O-O-O Bd7
9.Bxf6 Qxf6 10.Qe3 Rc8 11.f4 Nxd4 12.Rxd4 d5 13.e5 Qd8 14.Qg3 f5 15.Be2 g6
16.h4 Bc5 17.Rd2 Rg8 18.h5 g5 19.h6 Kf8 20.Rh5 Be7 21.Bd3 Be8 22.Rh3 gxf4
23.Qf3 Qa5 24.Bxf5 exf5 25.Rxd5 Qb6 26.Qd3 Rg5 27.Rd4 Bb5 28.Qd2 Rc4 29.Rxc4 Bxc4
30.b3 Be6 31.Kb2 Qb4 32.Rd3 Rg3 33.Rd4 Qxc3+ 34.Qxc3 Ba3+ 35.Kxa3 Rxc3 36.Kb2  0-1

[Event "Berkeley Int Open"]
[Site "Berkeley USA"]
[Date "2011.01.03"]
[Round "4"]
[White "Pruess,D"]
[Black "Amanov,Z"]
[Result "0-1"]
[WhiteElo "2377"]
[BlackElo "2421"]

1.e4 c5 2.Nf3 Nc6 3.d4 cxd4 4.Nxd4 Nf6 5.Nc3 d6 6.Bg5 e6 7.Qd2 Be7 8.O-O-O Qb6
9.Nb3 O-O 10.h4 Rd8 11.f4 a5 12.Qe1 a4 13.Nd2 a3 14.b3 d5 15.Bd3 Bd7 16.Nf3 Rdc8
17.Kb1 Qc5 18.exd5 Nxd5 19.Ne4 Qa5 20.c4 Qxe1 21.Rhxe1 Nf6 22.Bxf6 gxf6 23.c5 Nb4
24.Bc4 Bc6 25.f5 Rd8 26.Nd6 Bxd6 27.cxd6 e5 28.Nh2 b5 29.Bf1 Nd5 30.Rd3 Rxd6
31.Rc1 Rad8 32.Ng4 Kf8 33.b4 Nxb4 34.Rxa3 Be4+ 35.Kb2 Bxf5 36.Ne3 Be6 37.Rc5 Rd2+
38.Ka1 Nxa2 39.Rxb5 Nc1 40.Rb2 f5 41.Kb1 Nb3 42.Bc4 Rxb2+ 43.Kxb2 Nc5 44.Bxe6 fxe6
45.Ra7 Rb8+ 46.Kc3 Rb7 47.Ra8+ Kg7 48.Nc4 Rb3+ 49.Kd2 Rd3+ 50.Ke2 Rd4 51.Nd2 Rxh4
52.Ra5 Ne4 53.Nf3 Rg4 54.Kf1 Rf4 55.Kg1 Nc3 56.Rxe5 Kf6 57.Ra5 Ne2+ 58.Kh2 Nd4
59.Ne5 Re4 60.Nd7+ Kg5 61.Ra8 Re2 62.Kg1 Rd2 63.Rg8+ Kf4 64.Nf6 h6 65.Rg6 e5
66.Rxh6 Kg5 67.Ng8 Ne2+ 68.Kf1 Ng3+ 69.Ke1 Rxg2 70.Re6 e4 71.Ne7 Kf4 72.Kd1 Kf3
73.Rf6 e3 74.Nxf5 e2+ 75.Kd2 Ne4+ 76.Kd3 e1=Q  0-1

[Event "1st HDBank Cup"]
[Site "Ho Chi Minh City VIE"]
[Date "2011.01.04"]
[Round "1.16"]
[White "Tan Weiliang"]
[Black "Tu Hoang Thong"]
[Result "0-1"]
[WhiteElo "2246"]
[BlackElo "2452"]

1.e4 c5 2.Nf3 Nc6 3.d4 cxd4 4.Nxd4 Nf6 5.Nc3 d6 6.Bg5 Bd7 7.Be2 Qa5 8.Bxf6 gxf6
9.Nf5 Bxf5 10.exf5 Qxf5 11.Nd5 Rc8 12.O-O Rg8 13.Ne3 Qc5 14.Bg4 e6 15.Nd5 Be7
16.Bh3 Ne5 17.Nf4 Qxc2 18.Nxe6 fxe6 19.Bxe6 Rg6 20.Bxc8 Qxc8 21.f4 Qc5+ 22.Kh1 Ng4
23.Qe2 Qe3 24.Qc2 Qc5 25.Qe2 f5 26.Rac1 Qd5 27.Rc7 Re6 28.Qf3 Re4 29.h3 Nf6
30.Rfc1 Qd2 31.Qb3 Nd5 32.Rc8+ Kf7 33.Rd1 Re1+ 34.Rxe1 Qxe1+ 35.Kh2 Qd2 36.Rc2 Qxf4+
37.g3 Qd4 38.Qf3 Kg6 39.Rf2 Qe4 40.Qb3 b6 41.Rd2 Nf6 42.Qb5 d5 43.Re2 Qb4
44.Qd3 Bd6 45.Kg2 Qc4 46.Qxc4 dxc4 47.a4 Ne4 48.Rc2 c3 49.bxc3 Bxg3 50.c4 Bd6
51.Kf3 Ng5+ 52.Kg2 f4 53.h4 f3+ 54.Kf2 Bc5+ 55.Kg3 f2  0-1

[Event "HSK GM"]
[Site "Hamburg GER"]
[Date "2011.01.05"]
[Round "5.1"]
[White "Huschenbeth,N"]
[Black "Lanka,Z"]
[Result "1-0"]
[WhiteElo "2450"]
[BlackElo "2468"]

1.e4 c5 2.Nf3 Nc6 3.d4 cxd4 4.Nxd4 Nf6 5.Nc3 d6 6.Bg5 e6 7.Qd2 a6 8.O-O-O Bd7
9.f4 Qc7 10.Nf3 O-O-O 11.Bd3 Be7 12.Rhe1 h6 13.Bh4 g5 14.fxg5 Ng4 15.gxh6 Bxh4
16.Nxh4 Rxh6 17.Nf3 Rhh8 18.h3 Nge5 19.Bf1 Be8 20.Qf2 Kb8 21.Kb1 Rh5 22.Ne2 Nxf3
23.gxf3 Qa5 24.Nc1 Qc5 25.Qd2 Ka8 26.f4 f6 27.Nb3 Qb6 28.Bc4 e5 29.Be6 Rh4
30.Bg4 Bh5 31.Rg1 Bxg4 32.hxg4 Qc7 33.Qf2 Rdh8 34.fxe5 fxe5 35.g5 Rxe4 36.Qf6 Rd8
37.g6 Rf4 38.Qe6 Rff8 39.a3 Rfe8 40.Qc4 Rg8 41.Rdf1 d5 42.Qc5 d4 43.Ka2 Rc8
44.Rf7 Qb8 45.Qd5 Rcd8 46.Qe4 Qd6 47.g7 Qe6 48.Rgf1 a5 49.R1f6 Qc4 50.Kb1 Rb8
51.Rc7 Qb5 52.a4 Qxa4 53.Rfxc6 bxc6 54.Rxc6 Ka7 55.Rc7+ Kb6 56.Qxe5 Qb4 57.Nc5 Rge8
58.Qd6+ Kb5 59.Qa6+  1-0

[Event "1st HDBank Cup"]
[Site "Ho Chi Minh City VIE"]
[Date "2011.01.05"]
[Round "4.20"]
[White "Nguyen Anh Dung"]
[Black "Tong Thai Hung"]
[Result "1/2-1/2"]
[WhiteElo "2508"]
[BlackElo "2084"]

1.e4 c5 2.Nf3 Nc6 3.d4 cxd4 4.Nxd4 Nf6 5.Nc3 d6 6.Bg5 e6 7.Qd2 Be7 8.O-O-O O-O
9.Ndb5 Qa5 10.f4 Rd8 11.Kb1 a6 12.Bxf6 gxf6 13.Nd4 Nxd4 14.Qxd4 b5 15.Bd3 Bb7
16.f5 b4 17.Ne2 e5 18.Qe3 d5 19.g4 dxe4 20.Bxe4 Bxe4 21.Qxe4 Rxd1+ 22.Rxd1 Rd8  1/2-1/2

[Event "1st HDBank Cup"]
[Site "Ho Chi Minh City VIE"]
[Date "2011.01.06"]
[Round "5.2"]
[White "Yu Yangyi"]
[Black "Bitoon,R"]
[Result "1-0"]
[WhiteElo "2607"]
[BlackElo "2461"]

1.e4 c5 2.Nf3 d6 3.d4 cxd4 4.Nxd4 Nf6 5.Nc3 Nc6 6.Bg5 e6 7.Qd2 a6 8.O-O-O h6
9.Be3 Bd7 10.f3 b5 11.Nxc6 Bxc6 12.Kb1 Qc7 13.h4 b4 14.Ne2 e5 15.Qxb4 d5
16.Bc5 Rb8 17.Qa3 Bxc5 18.Qxc5 Rb5 19.Qf2 dxe4 20.Ng3 Ra5 21.Nf5 g6 22.Nd6+ Ke7
23.Bc4 exf3 24.Rhe1 Rd8 25.Nxf7 Ne4 26.Qe3 Rxd1+ 27.Rxd1 fxg2 28.Nxh6 Ra4
29.Bd3 Rd4 30.Rg1 Qb6 31.Kc1 Nd6 32.c3 Rb4 33.Qxe5+ Kd7 34.Rxg2 Bxg2 35.cxb4 Qxb4
36.h5 Qh4 37.Ng8 gxh5 38.Qg7+ Kd8 39.Qxg2 Qf4+ 40.Kc2 h4 41.Qa8+ Kc7 42.Qa7+ Nb7
43.Bxa6 Qa4+ 44.Kd2 Qa5+ 45.Ke2 Qh5+ 46.Ke1 Qe5+ 47.Kf1 Qf4+ 48.Ke2 Qg4+
49.Kd2 Qg2+ 50.Kd3 Qg3+ 51.Kc2 Qg6+ 52.Kc1 Qg5+ 53.Kb1 Qf5+ 54.Ka1 Qe4 55.Qxb7+ Qxb7
56.Bxb7 Kxb7  1-0

[Event "1st HDBank Cup"]
[Site "Ho Chi Minh City VIE"]
[Date "2011.01.07"]
[Round "7.4"]
[White "Zhao Jun"]
[Black "Bitoon,R"]
[Result "0-1"]
[WhiteElo "2599"]
[BlackElo "2461"]

1.e4 c5 2.Nf3 d6 3.d4 Nf6 4.Nc3 cxd4 5.Nxd4 Nc6 6.Bg5 Qb6 7.Nb3 e6 8.Bxf6 gxf6
9.Qd2 a6 10.f4 Bd7 11.O-O-O Na5 12.Kb1 Nxb3 13.cxb3 O-O-O 14.Bc4 Kb8 15.Qe2 h5
16.a3 Rc8 17.b4 Bh6 18.g3 h4 19.Ka2 Bg7 20.f5 a5 21.bxa5 Qxa5 22.Rxd6 Be8
23.Rdd1 exf5 24.Nd5 Qc5 25.b3 hxg3 26.exf5 Bc6 27.Qd3 Bf8 28.hxg3 Rxh1 29.Rxh1 Rd8
30.Rd1 Bd6 31.Nxf6 Bc7 32.Nd5 Be8 33.g4 f6 34.Rd2 Rd6 35.Qe4 Qc6 36.Rc2 Qd7
37.Rd2 Qc6 38.Qe2 Bf7  0-1

[Event "10th Praha Open A"]
[Site "Prague CZE"]
[Date "2011.01.07"]
[Round "1"]
[White "Karasek,L"]
[Black "Sharapov,E"]
[Result "1-0"]
[WhiteElo "2184"]
[BlackElo "2468"]

1.e4 c5 2.Nf3 d6 3.d4 cxd4 4.Nxd4 Nf6 5.Nc3 Nc6 6.Bg5 Qb6 7.Nb3 e6 8.Qd2 Be7
9.Be2 O-O 10.O-O Rd8 11.Be3 Qc7 12.f4 a6 13.Bf3 b5 14.a3 Rb8 15.Qf2 b4 16.axb4 Rxb4
17.Ra4 Nd7 18.Rxb4 Nxb4 19.Ra1 Bb7 20.Ra4 d5 21.exd5 Nxd5 22.Nxd5 exd5 23.c3 Ra8
24.Na5 Nc5 25.Ra1 Ne4 26.Bb6 Qd7 27.Qe3 Bf6 28.Rd1 Qc8 29.c4 Rb8 30.cxd5 Nd6
31.Qc5 Be7 32.Qc7 Bf8 33.Rc1 Qe8 34.Nxb7 Rc8 35.Qc6 Rxc6 36.dxc6 Nc8 37.Bf2 Qe6
38.g3 Qb3 39.Bg4 Qxb2 40.Re1 f5 41.Bxf5 Ne7 42.c7 Qf6 43.Bd7 Qc3 44.Rxe7  1-0

[Event "10th Praha Open A"]
[Site "Prague CZE"]
[Date "2011.01.08"]
[Round "2"]
[White "Agopov,M"]
[Black "Svoboda,V2"]
[Result "0-1"]
[WhiteElo "2429"]
[BlackElo "2269"]

1.e4 c5 2.Nf3 d6 3.d4 cxd4 4.Nxd4 Nf6 5.Nc3 Nc6 6.Bg5 e6 7.Qd2 a6 8.O-O-O Bd7
9.f4 h6 10.Bh4 g5 11.fxg5 Ng4 12.Nf3 Be7 13.g3 hxg5 14.Bxg5 Bxg5 15.Nxg5 Nce5
16.h4 Qb6 17.Qd4 Qxd4 18.Rxd4 Ke7 19.Be2 Rag8 20.Rhd1 Nh2 21.Rh1 Nhg4 22.Rg1 f6
23.Nh3 Nh2 24.Rh1 Rxg3 25.Rxh2 Rxh4 26.Rb4 b5 27.Bf1 Ng4 28.e5 dxe5 29.Rd2 f5
30.a4 a5 31.Rb3 Ne3 32.Rxd7+ Kxd7 33.Bxb5+ Ke7 34.Nf2 Rh2 35.Ne2 Rf3 36.Kd2 Nf1+
37.Ke1 Rfxf2  0-1

[Event "10th Praha Open A"]
[Site "Prague CZE"]
[Date "2011.01.09"]
[Round "3"]
[White "Koziak,V"]
[Black "Aranovitch,Emiliano"]
[Result "1/2-1/2"]
[WhiteElo "2464"]
[BlackElo "2319"]

1.e4 c5 2.Nf3 d6 3.d4 cxd4 4.Nxd4 Nf6 5.Nc3 Nc6 6.Bg5 e6 7.Qd2 Be7 8.O-O-O Nxd4
9.Qxd4 O-O 10.f4 Qa5 11.e5 dxe5 12.Qxe5 b5 13.Qxb5 Qc7 14.Qe5 Qb7 15.Bc4 h6
16.Bh4 Rb8 17.Bb3 Ng4 18.Qh5 Bxh4 19.Qxh4 Ne3 20.Rdg1 Bd7 21.Qh3 Nf5 22.g4 Nd4
23.Rd1 Bc6 24.Rhe1 Qb4 25.f5 a5 26.fxe6 Nxe6 27.Rxe6 fxe6 28.g5 Bd5 29.Nxd5 exd5
30.gxh6 Qf4+ 31.Kb1 Qxh6 32.Bxd5+ Kh8 33.Qxh6+ gxh6 34.a4 Rbd8 35.Rd2 Rf4
36.b3 Kg7 37.Kb2 Kf6 38.c4 Rh4 39.b4 axb4 40.Kb3 Rb8 41.Rf2+ Ke5 42.a5 Rh3+
43.Rf3 Rxf3+ 44.Bxf3 Rf8 45.Bd5 Rf1 46.Kb2 Rf2+ 47.Kb3 Rf1 48.Kb2  1/2-1/2

[Event "ch-CRO"]
[Site "Marija Bistrica CRO"]
[Date "2011.01.18"]
[Round "2.3"]
[White "Brkic,A"]
[Black "Kozul,Z"]
[Result "1-0"]
[WhiteElo "2564"]
[BlackElo "2576"]

1.e4 c5 2.Nf3 d6 3.d4 cxd4 4.Nxd4 Nf6 5.Nc3 Nc6 6.Bg5 e6 7.Qd2 a6 8.O-O-O Bd7
9.f3 b5 10.g4 h5 11.gxh5 Rxh5 12.h4 Be7 13.Nxc6 Bxc6 14.Bd3 Rc8 15.Ne2 Nd7
16.Nf4 Rh8 17.Be2 Ne5 18.Bxe7 Qxe7 19.h5 Qf6 20.Qe3 Rd8 21.Ng2 d5 22.exd5 Rxd5
23.Nf4 Rd7 24.Kb1 Qf5 25.Qb6 Ke7 26.Nd3 Rc8 27.Qxa6 Rdc7 28.h6 gxh6 29.Qa3+ Ke8
30.Rxh6 Ng6 31.Rdh1 Bd5 32.Qd6 Qf6 33.Nb4 Bc4 34.Bxc4 Rxc4 35.Nd5 Qg7 36.Rh8+  1-0